00985cam a22002775a 4500001000800000005001700008008004100025020001600066040003300082043001200115082002500127100002600152245005400178260004800232300002700280500002000307504003300327650001000360651004700370651005600417651005800473653003600531942000800567999001700575952011500592456882020171113144643.0750306t1974 nyu frb 001 0 eng d a0684140500  aDLCcDLCdDLCeEG-ScBUEbeng ad------04a322.5091724222bKEN1 aKennedy, Gavin.9945614aThe military in the third world /cGavin Kennedy. aNew York :bCharles Scribner Sons,cc.1974. axiii, 368 p. ;c23 cm. aIncludes index. aBibliography : p. [348]-361. 2BUEsh 7aDeveloping countriesxArmed Forces.2BUEsh 7aDeveloping countriesxMilitary policy.994582BUEsh 7aDeveloping countriesxPolitics and government.2BUEsh bBUSBOLcMarch2015cNovember2017 2ddc c19085d19057 00102ddc4070aMAINbMAINc1STd2015-03-22ePurchasel0o322.5091724 KENp000037668r2025-07-15 00:00:00yBB